000
00267nam a22001097a 4500
008
140325t xxu||||| |||| 00| 0 eng d
020
_a
9780716798866
100
_a
Benjamin A. Pierce
_9
812
245
_a
Genetics a conceptional approach
300
_a
708
942
_2
ddc
_c
BK
999
_c
17060
_d
17060